| 000 | 00415nam a2200157 i 4500 | ||
|---|---|---|---|
| 001 | 36783 | ||
| 003 | ES-MaACL | ||
| 005 | 20230906155437.0 | ||
| 007 | t| | ||
| 008 | 030219s1901 fr ||||1| fre d | ||
| 100 | 1 |
_aBoutmy, Emile. _931060 |
|
| 245 | 1 | 0 |
_aTaine, Scherer, Labouloye / _cEmile Boutmy. |
| 260 |
_aCoulommiers : _bPaul Brodard, _c1901. |
||
| 300 |
_aIII, 125 p. ; _c18 cm. |
||
| 852 |
_aES-MaACL _jD-2709 |
||
| 999 |
_c36783 _d36783 |
||